000
00319nam a2200121Ia 4500
008
230627s9999 xx 000 0 und d
041
_a
eng
082
_a
342.54
_b
BAS
100
_a
Basu D.D
245
_a
Introduction To The Constitution Of India
250
_a
18ed.
260
_a
Agra
_b
Wadhwa And Company Pvt.Ltd.
_c
1997
999
_c
702664
_d
702664